MARC details
| 000 -LEADER |
| fixed length control field |
02743nam a2200457Ii 4500 |
| 001 - CONTROL NUMBER |
| control field |
9781787565036 |
| 003 - CONTROL NUMBER IDENTIFIER |
| control field |
UtOrBLW |
| 005 - DATE AND TIME OF LATEST TRANSACTION |
| control field |
20210303084930.0 |
| 006 - FIXED-LENGTH DATA ELEMENTS--ADDITIONAL MATERIAL CHARACTERISTICS |
| fixed length control field |
m o d |
| 007 - PHYSICAL DESCRIPTION FIXED FIELD--GENERAL INFORMATION |
| fixed length control field |
cr un||||||||| |
| 008 - FIXED-LENGTH DATA ELEMENTS--GENERAL INFORMATION |
| fixed length control field |
180615s2018 enk ob 001 0 eng d |
| 020 ## - INTERNATIONAL STANDARD BOOK NUMBER |
| International Standard Book Number |
9781787565036 (e-book) |
| 040 ## - CATALOGING SOURCE |
| Original cataloging agency |
UtOrBLW |
| Language of cataloging |
eng |
| Description conventions |
rda |
| Transcribing agency |
UtOrBLW |
| 043 ## - GEOGRAPHIC AREA CODE |
| Geographic area code |
u-at--- |
| 050 04 - LIBRARY OF CONGRESS CALL NUMBER |
| Classification number |
DU121 |
| Item number |
.D66 2018 |
| 072 #7 - SUBJECT CATEGORY CODE |
| Subject category code |
JMS |
| Source |
bicssc |
| 072 #7 - SUBJECT CATEGORY CODE |
| Subject category code |
SOC002010 |
| Source |
bisacsh |
| 080 ## - UNIVERSAL DECIMAL CLASSIFICATION NUMBER |
| Universal Decimal Classification number |
949 |
| 082 04 - DEWEY DECIMAL CLASSIFICATION NUMBER |
| Classification number |
994 |
| Edition number |
23 |
| 100 1# - MAIN ENTRY--PERSONAL NAME |
| Personal name |
Donoghue, Jed, |
| Relator term |
author. |
| 245 10 - TITLE STATEMENT |
| Title |
Exploring Australian national identity : |
| Remainder of title |
heroes, memory and politics / |
| Statement of responsibility, etc. |
Jed Donoghue and Bruce Tranter. |
| 264 #1 - PRODUCTION, PUBLICATION, DISTRIBUTION, MANUFACTURE, AND COPYRIGHT NOTICE |
| Name of producer, publisher, distributor, manufacturer |
Emerald Publishing Limited, |
| 300 ## - PHYSICAL DESCRIPTION |
| Extent |
1 online resource (vii, 176 pages). |
| 490 1# - SERIES STATEMENT |
| Series statement |
Emerald points |
| 500 ## - GENERAL NOTE |
| General note |
Includes index. |
| 504 ## - BIBLIOGRAPHY, ETC. NOTE |
| Bibliography, etc. note |
Includes bibliographical references. |
| 520 ## - SUMMARY, ETC. |
| Summary, etc. |
This book explores the attitudes and values of Australians, analysing how Australian national values are promoted and reflected by heroic figures (both living and dead) who are identified as important and influential. Who are the 'heroes, saints and sages' that exemplify the Australian national character? Who do Australians, as citizens of a settler society, nominate as their contemporary heroes? What is the role of colonial and post-colonial figures regarding contemporary Australian identity? This book reassesses the influence of convicts, bushrangers, Ned Kelly, the ANZACS, sporting heroes, and the nation's most 'important people' in terms of national identity. Sporting 'heroes' such as Don Bradman, and historical figures like Ned Kelly might be expected to feature prominently but the authors identify other nationally important Australians, and gauge how well they symbolize Australian national identity. While collective heroes' such as the Anzacs are acclaimed in popular conceptions of national identity, Australians also identify with particular heroic 'individuals who personify practical aspects of the national character and mythscape', including well known federal politicians, surgeons and scientists. |
| 588 0# - SOURCE OF DESCRIPTION NOTE |
| Source of description note |
Print version record |
| 650 #0 - SUBJECT ADDED ENTRY--TOPICAL TERM |
| Topical term or geographic name entry element |
National characteristics, Australian. |
| 651 #0 - SUBJECT ADDED ENTRY--GEOGRAPHIC NAME |
| Geographic name |
Australia |
| General subdivision |
Social life and customs. |
| 650 #7 - SUBJECT ADDED ENTRY--TOPICAL TERM |
| Topical term or geographic name entry element |
Social Science |
| General subdivision |
Anthropology |
| -- |
Cultural & Social. |
| Source of heading or term |
bisacsh |
| 650 #7 - SUBJECT ADDED ENTRY--TOPICAL TERM |
| Topical term or geographic name entry element |
"The self, ego, identity, personality". |
| Source of heading or term |
bicssc |
| 700 1# - ADDED ENTRY--PERSONAL NAME |
| Personal name |
Tranter, Bruce, |
| Relator term |
author. |
| 776 ## - ADDITIONAL PHYSICAL FORM ENTRY |
| International Standard Book Number |
9781787565067 |
| 830 #0 - SERIES ADDED ENTRY--UNIFORM TITLE |
| Uniform title |
Emerald points. |
| 856 40 - ELECTRONIC LOCATION AND ACCESS |
| Uniform Resource Identifier |
<a href="https://www.emerald.com/insight/publication/doi/10.1108/9781787565036">https://www.emerald.com/insight/publication/doi/10.1108/9781787565036</a> |